LEADER 04300 am 22005533u 450 001 9910137043603321 005 20200520144314.0 010 $a1-76046-008-7 035 $a(CKB)3710000000731139 035 $a(EBL)4562270 035 $a(SSID)ssj0001674882 035 $a(PQKBManifestationID)16478000 035 $a(PQKBTitleCode)TC0001674882 035 $a(PQKBWorkID)15017296 035 $a(PQKB)10814619 035 $a(MiAaPQ)EBC4562270 035 $a(OCoLC)948621126 035 $a(Au-PeEL)EBL4562270 035 $a(CaPaEBR)ebr11230046 035 $a(EXLCZ)993710000000731139 100 $a20160717h20162016 uy 0 101 0 $aeng 135 $aurcn#nnn||||| 181 $ctxt$2rdacontent 182 $cc$2rdamedia 183 $acr$2rdacarrier 200 00$aNew mana $etransformations of a classic concept in Pacific languages and cultures /$fedited by Matt Tomlinson and Ty P. Kawika Tengan 210 1$aActon ACT, Australia :$cAustralian National University Press,$d2016. 210 4$d©2016 215 $a1 online resource (xv, 373 pages) $cillustrations (some colour), maps 225 1 $aMonographs in Anthropology Series 311 $a1-76046-007-9 320 $aIncludes bibliographical references. 327 $aIntroduction : mana anew / Matt Tomlinson and Ty P. Ka?wika Tengan -- 1. Mana Hawai?i : an examination of political uses of the word mana in Hawaiian / Noenoe K. Silva -- 2. Tha mana of Ku? : indigenous nationhood, masculinity and authority in Hawai?i / Ty P. Ka?wika Tengan -- 3. Bodies permeable and divine : Tapu, Mana and the embodiment of hegemony in pre-Christian Tonga / Andy Mills -- 4. Niu mana, sport, media and the Australian diaspora / Katerina Martina Teaiwa -- 5. Mana, power and "pawa" in the Pacific and beyond / Alan Rumsey -- 6. Mana on the move : why empirical anchorage trumps philosophical drift / Thorgeir Kolshus -- 7. "Press the button, Mama!" : mana and Christianity on Makira, Solomon Islands / Aram Oroi -- 8. The state of mana, the mana of the state / Alexander Mawyer -- 9. Theologies of mana and sau in Fiji / Matt Tomlinson and Sekove Bigitibau -- 10. Claiming pule, manifesting mana : ordinary ethics and Pentecostal self-making in Samoa / Jessica Hardin -- 11. Mana for a new age / Rachel Morgain -- 12. How mana left the Pacific and became a video game mechanic / Alex Golub and Jon Peterson -- Afterword : shape-shifting mana : travels in space and time / Niko Besnier and Margaret Jolly. 330 3 $a?Mana?, a term denoting spiritual power, is found in many Pacific Islands languages. In recent decades, the term has been taken up in New Age movements and online fantasy gaming. In this book, 16 contributors examine mana through ethnographic, linguistic, and historical lenses to understand its transformations in past and present. The authors consider a range of contexts including Indigenous sovereignty movements, Christian missions and Bible translations, the commodification of cultural heritage, and the dynamics of diaspora. Their investigations move across diverse island groups - Papua New Guinea, Solomon Islands, Vanuatu, Fiji, Tonga, Samoa, Hawai?i, and French Polynesia - and into Australia, North America and even cyberspace. A key insight that the volume develops is that mana can be analysed most productively by paying close attention to its ethical and aesthetic dimensions. Since the late nineteenth century, mana has been an object of intense scholarly interest. Writers in many fields including anthropology, linguistics, history, religion, philosophy, and missiology have long debated how the term should best be understood. The authors in this volume review mana?s complex intellectual history but also describe the remarkable transformations going on in the present day as scholars, activists, church leaders, artists, and entrepreneurs take up mana in new ways. 410 0$aMonographs in anthropology series. 606 $aMana$zPacific Area 608 $aElectronic books. 615 0$aMana 676 $a301.21 702 $aTomlinson$b Matt 702 $aTengan$b Ty P. Kawika 801 0$bMiAaPQ 801 1$bMiAaPQ 801 2$bMiAaPQ 906 $aBOOK 912 $a9910137043603321 996 $aNew mana$92052496 997 $aUNINA LEADER 02539nam0 22005053i 450 001 VEA0030636 005 20251003044437.0 010 $a8820417820 020 $aIT$b806384 100 $a19920916d1980 ||||0itac50 ba 101 | $aita 102 $ait 181 1$6z01$az $bxxxx 182 1$6z01$an 183 1$6z01$anc$2RDAcarrier 200 1 $aPolitiche territoriali e città meridionale$fscritti di V. Andriello ... [et al.]$ga cura di Attilio Belli 210 $aMilano$cF. Angeli$d1980 215 $a216 p.$d22 cm 225 | $aStudi urbani e regionali$v23 410 0$1001CFI0019487$12001 $aStudi urbani e regionali$v23 606 $aEdilizia$xNapoli $2FIR$3BVEC274664$9I 606 $aPianificazione territoriale$xNapoli $2FIR$3SBLC126867$9I 606 $aAziende industriali$xLocalizzazione$xNapoli $2FIR$3SBLC126868$9I 676 $a711$9URBANISTICA (PIANIFICAZIONE TERRITORIALE)$v21 676 $a711.0945$9URBANISTICA (PIANIFICAZIONE TERRITORIALE). Italia$v23 686 $aSe.i.15.2$cStoria dell'economia italiana. Questione meridionale. L'industrializzazione: industria, commercio, artigianato$2F 696 $aArte muraria$aIndustria edilizia 696 $aImprese industriali$aAzienda industriale$aIndustrie$aUbicazione 699 $aEdilizia$yArte muraria 699 $aEdilizia$zIndustria edilizia 699 $aAziende industriali$yImprese industriali 699 $aAziende industriali$zAzienda industriale 699 $aAziende industriali$yIndustrie 699 $aLocalizzazione$zUbicazione 702 1$aBelli$b, Attilio$f <1937- >$3CFIV052789 702 1$aAndriello$b, Vincenzo$3CFIV100289 801 3$aIT$bIT-000000$c19920916 850 $aIT-BN0095 $aIT-NA0045 $aIT-NA0079 901 $bNAP BN$cB $nComprende volumi con collocazioni per formato catalogati prima del 1987. La consegna del doc. é effettuata dall'Uff. Distribuzione. 901 $bNAP 01$cPOZZO LIB.$nVi sono collocati fondi di economia, periodici di ingegneria e scienze, periodici di economia e statistica e altri fondi comprendenti documenti di economia pervenuti in dono. 912 $aVEA0030636 950 0$aBiblioteca Centralizzata di Ateneo$c1 v.$d 01POZZO LIB.ECON MON 7521$e 0101 0070098245E VMA 1 v. (Precedente collocazione 9 EC 824)$fB $h20220805$i20220805 977 $a 01$a AB$a BN 996 $aPolitiche territoriali e città meridionale$9321446 997 $aUNISANNIO LEADER 04745nam 22007935 450 001 9910588598303321 005 20260303094711.0 010 $a3-031-04942-X 024 7 $a10.1007/978-3-031-04942-2 035 $a(MiAaPQ)EBC7076034 035 $a(Au-PeEL)EBL7076034 035 $a(CKB)24723840200041 035 $a(PPN)264196449 035 $a(OCoLC)1342590452 035 $a(DE-He213)978-3-031-04942-2 035 $a(EXLCZ)9924723840200041 100 $a20220818d2022 u| 0 101 0 $aeng 135 $aurcnu|||||||| 181 $ctxt$2rdacontent 182 $cc$2rdamedia 183 $acr$2rdacarrier 200 10$aCurrent Advances in Biotechnological Production of Xylitol $eFermentative Production of Xylitol /$fedited by Maria das Graças de Almeida Felipe, Anuj Kumar Chandel 205 $a1st ed. 2022. 210 1$aCham :$cSpringer International Publishing :$cImprint: Springer,$d2022. 215 $a1 online resource (261 pages) 225 1 $aBiomedical and Life Sciences Series 311 08$aPrint version: de Almeida Felipe, Maria das Graças Current Advances in Biotechnological Production of Xylitol Cham : Springer International Publishing AG,c2022 9783031049415 327 $aMethods for hemicellulose deconstruction aiming to xylose recovery: Recent progress and future perspectives -- Detoxification of hemicellulosic hydrolysates for improved xylitol production -- Fermentative production of xylitol from various lignocellulosic hydrolysates -- Strain improvement methods for enhanced xylitol production -- Fermentative methods for xylitol production: a comparative account on batch, fed-batch and continuous fermentation -- Methods for xylitol recovery: appraisal and future perspectives -- Critical analysis on xylitol production employing integrated approaches in sugarcane and corn processing mills -- Techno-economic analysis of xylitol production in standalone and integrated biorefineries -- Applications of xylitol in food, health and medical sector -- Market, consumption trends and commercial status of xylitol production. 330 $aThis book explores recent advances in the microbial production of xylitol and its applications in food and medical sector. Xylitol is an important biomolecule from lignocellulose biorefinery which is produced from the xylose by chemical reactions or microbial fermentation methods. Currently, the demand of xylitol at commercial scale is being met through chemical methods. However, recent breakthroughs made in plant cell wall destruction, genetic engineering to develop the designer microorganisms, fermentation methods and media formulations and downstream processing have led the ways for sustainable production of xylitol at commercial scale in lignocellulose biorefineries. Microbial production of xylitol is preferred over the chemical processes as it is environmentally friendly, higher process efficiency with the desired product yield, and product recovery with minimum impurities. This book is a unique compilation of 11 book chapters written by experts in their respective fields. These chapters present critical insights and discuss the current progress and future progress in this area into fermentative xylitol production. Chapter 9 is licensed under the terms of the Creative Commons Attribution 4.0 International License. For further details see license information in the chapter. 410 0$aBiomedical and Life Sciences Series 606 $aBiotechnology 606 $aMicrobiology 606 $aChemical engineering 606 $aAgricultural genome mapping 606 $aBiomaterials 606 $aBiotechnology 606 $aMicrobiology 606 $aChemical Process Engineering 606 $aAgricultural Genetics 606 $aPlant Materials 606 $aXilitol$2thub 606 $aBiotecnologia$2thub 606 $aAplicacions industrials$2thub 608 $aLlibres electrònics$2thub 615 0$aBiotechnology. 615 0$aMicrobiology. 615 0$aChemical engineering. 615 0$aAgricultural genome mapping. 615 0$aBiomaterials. 615 14$aBiotechnology. 615 24$aMicrobiology. 615 24$aChemical Process Engineering. 615 24$aAgricultural Genetics. 615 24$aPlant Materials. 615 7$aXilitol 615 7$aBiotecnologia 615 7$aAplicacions industrials 676 $a613.283 676 $a660.63 702 $aChandel$b Anuj Kumar 702 $aAlmeida Felipe$b Maria das Grac?as de 801 0$bMiAaPQ 801 1$bMiAaPQ 801 2$bMiAaPQ 906 $aBOOK 912 $a9910588598303321 996 $aCurrent Advances in Biotechnological Production of Xylitol$92907797 997 $aUNINA